| 000 | 00867cam a2200241 4500500 | ||
|---|---|---|---|
| 005 | 20260111080300.0 | ||
| 041 | _afre | ||
| 042 | _adc | ||
| 100 | 1 | 0 |
_aOliva, Éric _eauthor |
| 245 | 0 | 0 | _aSoixante ans de Constitution financière et fiscale : réflexions sur les développements du constitutionnalisme financier en France |
| 260 | _c2018. | ||
| 500 | _a68 | ||
| 690 | _aadministrations publiques | ||
| 690 | _aConseil constitutionnel | ||
| 690 | _aConstitution | ||
| 690 | _afinances locales | ||
| 690 | _afinances publiques | ||
| 690 | _afinances sociales | ||
| 690 | _apréambule de 1789 | ||
| 690 | _aprincipes budgétaires | ||
| 786 | 0 | _nGestion & Finances Publiques | 6 | 6 | 2018-11-30 | p. 100-105 | 1969-1009 | |
| 856 | 4 | 1 | _uhttps://droit.cairn.info/revue-gestion-et-finances-publiques-2018-6-page-100?lang=fr&redirect-ssocas=7080 |
| 999 |
_c1616107 _d1616107 |
||